000
00317nam a22001337a 4500
008
181102b xxu||||| |||| 00| 0 eng d
020
_a
0879831995
041
_a
eng
080
_a
610
100
_a
4
101
_a
SHM
245
_a
A Physician's Handbook on Orthomolecular Medicine
_c
Williams,R.J
942
_2
udc
_c
BK
999
_c
51623
_d
51623